00465nam a2200145 a 450000100100000000500170001000800410002704000250006808200150009310000290010824500650013726000290020230000200023150000680025100002515620200930023608.0110208s1972 sp r 000 0 spa d aDO-SdBNPbspacBNPHU axxxbB116a1 aBacardí Moreau, Emilio10aAl abismo :bdrama en tres actos /cEmilio Bacardí Moreau. aMadrid :bPlayor,c1972. a83 p. ;c21 cm. aObras completas de E.B.M. reeditadas por Amalia Bacardí Cape.